Rindu Yang Tertangguh
| Main Author: | |
|---|---|
| Format: | Book |
| Published: |
K. L. :
Kumpulan Karangkraf ,
1996
|
MARC
| LEADER | 00000cam a2200000 7i4500 | ||
|---|---|---|---|
| 001 | 0000009338 | ||
| 005 | 20180619.0 | ||
| 008 | 970617 | ||
| 020 | |a 9838370495 | ||
| 090 | 0 | 0 | |a F ABU |
| 100 | 1 | |a Abu Hassan Nik | |
| 245 | 1 | 0 | |a Rindu Yang Tertangguh |c oleh Abu Hassan Nik |
| 260 | |a K. L. : |b Kumpulan Karangkraf , |c 1996 | ||
| 350 | 0 | 0 | |a RM 7.90 |
| 660 | 0 | 0 | |a Adult Fiction |
| 999 | |a 80398 |b Buku |c Rak Terbuka |e PK Melaka Mall | ||